Central Library OPAC University of Rajshahi

Golden interlude : (Record no. 64564)

MARC details
000 -LEADER
fixed length control field 00754nam a2200241 a 4500
001 - CONTROL NUMBER
control field 64564
003 - CONTROL NUMBER IDENTIFIER
rucl marc code BD-RjUL
005 - DATE AND TIME OF LATEST TRANSACTION
control field 20211209081325.0
008 - FIXED-LENGTH DATA ELEMENTS--GENERAL INFORMATION
fixed length control field 170216s1955 maua b 001 0 eng
035 ## - SYSTEM CONTROL NUMBER
System control number (BD-RjUL)64694
040 ## - CATALOGING SOURCE
Original cataloging agency DLC
Transcribing agency FO
Modifying agency BD-RjUL
Language of cataloging eng
041 ## - LANGUAGE CODE
Language code of text/sound track or separate title eng
082 ## - DEWEY DECIMAL CLASSIFICATION NUMBER
Classification number 954.0314
Edition number 23
Author mark and year DUG 1955
100 1# - MAIN ENTRY--PERSONAL NAME
Personal name Dunbar, Janet.
9 (RLIN) 191493
245 10 - TITLE STATEMENT
Title Golden interlude :
Remainder of title the Edens in India, 1836-1842 /
260 ## - PUBLICATION, DISTRIBUTION, ETC. (IMPRINT)
Place of publication, distribution, etc. Boston :
Name of publisher, distributor, etc. Houghton, Mifflin,
Date of publication, distribution, etc. 1955
300 ## - PHYSICAL DESCRIPTION
Pagination 239 p. :
Illustrations ill. ;
Size 23 cm.
504 ## - BIBLIOGRAPHY, ETC. NOTE
Bibliography, etc Includes index and bibliography.
600 10 - SUBJECT ADDED ENTRY--PERSONAL NAME
Personal name Auckland, George Eden,
Titles and other words associated with a name Earl of,
Dates associated with a name 1784-1849.
General subdivision Description and travel
Geographic subdivision India
651 #0 - SUBJECT ADDED ENTRY--GEOGRAPHIC NAME
Geographic name India
General subdivision Social life and customs.
9 (RLIN) 172236
942 ## - ADDED ENTRY ELEMENTS (KOHA)
Source of classification or shelving scheme Dewey Decimal Classification
Koha item type Books
Holdings
Lost status Source of classification or shelving scheme Damaged status Not for loan Collection code Permanent Location Current Location Shelving location Date acquired Source of acquisition Cost, normal purchase price Total Checkouts Full call number Date last seen Copy number Koha item type
  Dewey Decimal Classification   Not For Loan Non-fiction Central Library, University of Rajshahi Central Library, University of Rajshahi Reading Room 18/11/1957 O.U.P 17.30   954.0314 DUG 1955 16/02/2017 C-1 Books